Remarkable Service : (Record no. 604198)

MARC details
000 -LEADER
fixed length control field 00487nam a2200193 a 4500
008 - FIXED-LENGTH DATA ELEMENTS--GENERAL INFORMATION
fixed length control field 251223s2009##################000#0#eng##
020 ## - INTERNATIONAL STANDARD BOOK NUMBER
ISBN 9780470197400
082 04 - DEWEY DECIMAL CLASSIFICATION NUMBER
Classification number 647.95068
Item number WIL
100 1# - MAIN ENTRY--AUTHOR NAME
Personal name America, The Culinary Institute of,
245 10 - TITLE STATEMENT
Title Remarkable Service :
260 ## - PUBLICATION, DISTRIBUTION, ETC. (IMPRINT)
Name of publisher John Wiley & Sons,
Year of publication 2009.
300 ## - PHYSICAL DESCRIPTION
Number of Pages 304 pages
650 #0 - SUBJECT ADDED ENTRY--TOPICAL TERM
Topical Term Cooking.
942 ## - ADDED ENTRY ELEMENTS (KOHA)
Koha item type English Books
Holdings
Withdrawn status Lost status Damaged status Not for loan Home library Current library Shelving location Date acquired Full call number Accession Number Price effective from Koha item type
        Anna Centenary Library Anna Centenary Library 6TH FLOOR, A WING 23.12.2025 647.95068 WIL 133007 23.12.2025 English Books

Find us on the map